[Event "AUTO-MASTER-1826"]
[Site "http://www.queenalice.com/game.php?id=1182788"]
[Date "2013.5.19"]
[Round "2"]
[White "junipero"]
[Black "jhwickboldt"]
[Result "0-1"]
[WhiteElo "1975"]
[BlackElo "2056"]

1. d4 d5 2. c4 c6 3. Nc3 Bf5 4. e3 e6 5. c5 Be7 6. b4 Nf6 7. Bb2 O-O 8. Nf3 b6
9. Bd3 Bxd3 10. Ne5 Bg6 11. O-O Nfd7 12. Nxg6 fxg6 13. Qg4 e5 14. Qe6+ Kh8 15.
dxe5 Rf5 16. f4 Qe8 17. e4 Nf8 18. Qxe7 Qxe7 19. exf5 gxf5 20. Na4 bxc5 21. Nxc5
Ne6 22. Nxe6 Qxe6 23. a3 Nd7 24. Rac1 Rb8 25. Bd4 a6 26. Rc3 Nf8 27. Rfc1 Rc8
28. Bc5 Nd7 29. Bd4 Nf8 30. Bc5 Kg8 31. Bd6 Qd7 32. a4 Ne6 33. g3 Nd8 34. b5
axb5 35. axb5 g6 36. Kf2 Qa7+ 37. Kf3 Qb7 38. Rc5 Qb6 39. Be7 Nb7 40. Rxc6 Rxc6
41. bxc6 Qb2 42. cxb7 Qxb7 43. Bf6 d4+ 44. Ke2 Qb2+ 45. Kd1 d3 46. Rc8+ Kf7 47.
Rc7+ Ke6 48. Re7+ Kd5 49. Rd7+ Ke4 50. Rc7 Qe2+ 51. Kc1 d2+ 52. Kb1 d1=Q+ 53.
Rc1 Qb3+ 0-1

[Event "AUTO-MASTER-1826"]
[Site "http://www.queenalice.com/game.php?id=1182789"]
[Date "2013.5.19"]
[Round "2"]
[White "jhwickboldt"]
[Black "junipero"]
[Result "1-0"]
[WhiteElo "2069"]
[BlackElo "1994"]

1. d4 d5 2. e3 e6 3. Nf3 c5 4. Be2 c4 5. c3 b5 6. O-O Nf6 7. b3 Bb7 8. bxc4 bxc4
9. Ba3 Bxa3 10. Nxa3 O-O 11. Rb1 Qd7 12. Ne5 Qe7 13. Nc2 Nc6 14. Nxc6 Bxc6 15.
Nb4 Qd6 16. h3 a5 17. Nxc6 Qxc6 18. Bf3 Rfb8 19. Qc2 g6 20. Rfe1 Rb7 21. Rxb7
Qxb7 22. Rb1 Qc7 23. e4 Rb8 24. e5 Nd7 25. Rxb8+ Qxb8 26. Qc1 Qb5 27. h4 Nb6 28.
Bd1 Na4 29. Bxa4 Qxa4 30. Qb1 Qa3 31. Qc2 h5 32. f4 Qe7 33. g3 Qb7 34. Kg2 Qb5
35. Kf3 a4 36. Ke2 Kf8 37. Kd2 Ke7 38. Qc1 Kd7 39. Kc2 Ke7 40. Qb2 Qc6 41. Qb4+
Ke8 42. Kb2 Qd7 43. Ka3 Kd8 44. Qxa4 Qxa4+ 45. Kxa4 Kc7 46. Kb5 Kb7 47. a4 Kc7
48. a5 Kb7 49. a6+ Ka7 50. Ka5 Kb8 51. Kb6 Ka8 52. a7 f5 53. Kc6 Kxa7 54. Kd6
Kb6 55. Kxe6 Kb5 56. Kxd5 Kb6 57. Kxc4 Kc6 58. d5+ Kd7 59. Kc5 Kc7 60. e6 g5 61.
d6+ Kd8 62. Kc6 g4 63. e7+ Ke8 64. Kc7 Kf7 65. Kd7 Kg7 66. e8=Q Kh7 67. Kc7 Kg7
68. d7 Kh7 69. d8=Q Kg7 70. Qdd7+ Kh6 71. Qee6# 1-0

[Event "AUTO-MASTER-1826"]
[Site "http://www.queenalice.com/game.php?id=1182790"]
[Date "2013.5.19"]
[Round "2"]
[White "kobra23"]
[Black "jhwickboldt"]
[Result "1-0"]
[WhiteElo "2440"]
[BlackElo "2011"]

1. Nf3 d5 2. c4 c6 3. d4 Bf5 4. Nc3 Nf6 5. cxd5 cxd5 6. Qb3 b6 7. e4 dxe4 8. Ne5
e6 9. g4 Qxd4 10. Bb5+ Nbd7 11. Nxd7 Nxd7 12. gxf5 exf5 13. Be3 Qb4 14. Bxd7+
Kxd7 15. Rd1+ Ke8 16. Qd5 1-0

[Event "AUTO-MASTER-1826"]
[Site "http://www.queenalice.com/game.php?id=1182791"]
[Date "2013.5.19"]
[Round "2"]
[White "jhwickboldt"]
[Black "kobra23"]
[Result "1-0"]
[WhiteElo "2107"]
[BlackElo "2501"]

1. d4 Nf6 2. e3 d5 3. Nf3 e6 4. Bd3 c5 5. O-O Nc6 6. c3 c4 7. Be2 b5 8. b3 Bb7
9. bxc4 bxc4 10. Ba3 Bxa3 11. Nxa3 O-O 12. h3 Qa5 13. Qc1 Ne4 14. Nb1 Ne7 15.
Nfd2 Nd6 16. Qa3 Qc7 17. Nf3 Bc6 18. Ne5 Be8 19. Bd1 f6 20. Nf3 Bg6 21. Qc1 Bd3
22. Re1 Rab8 23. Bc2 Rb6 24. Bxd3 cxd3 25. Rd1 Nc4 26. Rxd3 e5 27. Rd1 e4 28.
Ne1 Rfb8 29. Na3 Nb2 30. Rd2 Qd6 31. Nac2 1-0

[Event "AUTO-MASTER-1952"]
[Site "http://www.queenalice.com/game.php?id=1219398"]
[Date "2013.9.24"]
[Round "1"]
[White "Artking"]
[Black "jhwickboldt"]
[Result "1-0"]
[WhiteElo "2074"]
[BlackElo "2130"]

1. Nf3 d5 2. d4 Bf5 3. c4 c6 4. Nc3 e6 5. e3 Nf6 6. Bd3 Bxd3 7. cxd5 Bf5 8. Ne5
exd5 9. g4 Be6 10. h4 Nfd7 11. f4 Nxe5 12. fxe5 Bb4 13. Bd2 Bxc3 14. bxc3 Nd7
15. Qf3 Qe7 16. g5 O-O-O 17. a4 Nb6 18. a5 Nc4 19. a6 b6 20. Bc1 Qd7 21. Rg1 Bf5
22. Rf1 g6 23. Rf2 Rhf8 24. Ba3 Nxa3 25. Rxa3 Rh8 26. Rb2 Be4 27. Qf6 Qe6 28.
Qf1 Qf5 29. Qe2 Bd3 30. Qh2 Qf3 31. e6 Qxe3+ 32. Kd1 Qxe6 33. Rxb6 Rhe8 34. Qb8+
Kd7 35. Rb7# 1-0

[Event "AUTO-MASTER-1952"]
[Site "http://www.queenalice.com/game.php?id=1219399"]
[Date "2013.9.24"]
[Round "1"]
[White "jhwickboldt"]
[Black "Artking"]
[Result "0-1"]
[WhiteElo "2116"]
[BlackElo "1931"]

1. Nf3 Nf6 2. d4 c6 3. e3 d5 4. b3 g6 5. Bd3 Bg7 6. Nc3 Bg4 7. O-O Nbd7 8. h3
Bxf3 9. Qxf3 O-O 10. e4 dxe4 11. Nxe4 Qc7 12. Nxf6+ Nxf6 13. Re1 e6 14. c3 Rad8
15. Bd2 Rd7 16. Bg5 Ne8 17. Qf4 a6 18. Qxc7 Nxc7 19. Re2 h6 20. Bf4 Nd5 21. Bd2
c5 22. dxc5 Nxc3 23. Bxc3 Bxc3 24. Rd1 Rfd8 25. Re3 e5 26. Kf1 e4 27. Rxe4 Rxd3
28. Rxd3 Rxd3 29. Re7 Rd1+ 30. Ke2 Re1+ 31. Kd3 Rxe7 32. Kxc3 Re2 33. a3 Rxf2
34. Kb4 Rxg2 35. Ka5 Re2 36. Kb6 Re7 37. b4 f5 38. a4 f4 39. b5 axb5 40. axb5 f3
41. c6 bxc6 42. bxc6 f2 43. c7 Rxc7 0-1

[Event "AUTO-MASTER-1952"]
[Site "http://www.queenalice.com/game.php?id=1219416"]
[Date "2013.9.24"]
[Round "1"]
[White "jhwickboldt"]
[Black "Henderb"]
[Result "0-1"]
[WhiteElo "2080"]
[BlackElo "2113"]

1. d4 Nf6 2. Bf4 d6 3. e3 Nc6 4. Nf3 g6 5. Bd3 Bg7 6. O-O O-O 7. Nbd2 Nb4 8. Bc4
b6 9. a3 Nbd5 10. Bg5 h6 11. Bxf6 Nxf6 12. c3 Bb7 13. b4 Nd7 14. Qc2 e6 15. Bb3
c5 16. Nc4 Qc7 17. Ba4 Bxf3 18. gxf3 d5 0-1

[Event "AUTO-MASTER-1952"]
[Site "http://www.queenalice.com/game.php?id=1219417"]
[Date "2013.9.24"]
[Round "1"]
[White "Henderb"]
[Black "jhwickboldt"]
[Result "1-0"]
[WhiteElo "2115"]
[BlackElo "2032"]

1. Nf3 Nf6 2. c4 e6 3. Nc3 Bb4 4. d3 c5 5. a3 Ba5 6. Bd2 O-O 7. g3 b6 8. Bg2 Bb7
9. O-O d6 10. Rb1 Bxc3 11. Bxc3 d5 12. cxd5 exd5 13. Nd2 Nbd7 14. Nc4 Qc7 15.
Bxf6 Nxf6 16. Nd2 Rfe8 17. b4 c4 18. dxc4 dxc4 19. Bxb7 Qxb7 20. Nxc4 1-0

[Event "AUTO-MASTER-1952"]
[Site "http://www.queenalice.com/game.php?id=1219418"]
[Date "2013.9.24"]
[Round "1"]
[White "jhwickboldt"]
[Black "Andrez"]
[Result "0-1"]
[WhiteElo "2065"]
[BlackElo "2030"]

1. d4 f5 2. Bf4 Nf6 3. e3 e6 4. Nf3 b6 5. Bd3 Bb7 6. O-O Be7 7. Nbd2 O-O 8. Bg5
Qe8 9. h3 Qg6 10. Bxf6 Bxf6 11. Qe2 a5 12. e4 fxe4 13. Bxe4 Bxe4 14. Qxe4 Qxe4
15. Nxe4 Nc6 16. c3 Be7 17. Rfe1 h6 18. Re2 Rf7 19. Ned2 Raf8 20. Nc4 h5 21.
Nce5 Nxe5 22. Nxe5 Rf5 23. Nxd7 Rd8 24. Ne5 Bd6 25. Rae1 Rdf8 26. Nc4 R8f6 27.
Nxd6 cxd6 28. f3 Kf7 29. Re3 g5 30. Kh2 b5 31. b3 d5 32. Re5 Rxe5 33. Rxe5 Rf5
34. Rxf5+ exf5 35. g3 Ke6 36. Kg2 a4 37. Kf2 f4 38. g4 h4 39. Ke2 Kd6 40. bxa4
bxa4 0-1

[Event "AUTO-MASTER-1952"]
[Site "http://www.queenalice.com/game.php?id=1219419"]
[Date "2013.9.24"]
[Round "1"]
[White "Andrez"]
[Black "jhwickboldt"]
[Result "1-0"]
[WhiteElo "2047"]
[BlackElo "2048"]

1. f4 d5 2. Nf3 Bf5 3. e3 e6 4. b3 Nf6 5. Bb2 Be7 6. Be2 O-O 7. O-O Nbd7 8. a4
Bc5 9. Qe1 Nh5 10. Kh1 Bxc2 11. Ba3 Bxb3 12. Nd4 Bxd4 13. exd4 Re8 14. Bxh5 Bxa4
15. Nc3 Bc2 16. Qg3 c6 17. d3 Qf6 18. Ne2 b5 19. Bd6 Qf5 20. Be5 Nxe5 21. fxe5
Qxh5 22. Nf4 Qf5 23. Nxd5 Qxd3 24. Nf6+ Kf8 25. Nxe8 Qxg3 26. hxg3 Kxe8 27. Ra6
Be4 28. Rfa1 b4 29. Rxa7 Rxa7 30. Rxa7 b3 31. Rb7 Bc2 32. Kg1 Kd8 33. Kf2 Kc8
34. Rb4 Kc7 35. Ke2 c5 36. dxc5 Kc6 37. Kd2 Kxc5 38. Kc3 1-0

[Event "AUTO-MASTER-1855"]
[Site "http://www.queenalice.com/game.php?id=1221204"]
[Date "2013.9.30"]
[Round "2"]
[White "Ridigroll"]
[Black "jhwickboldt"]
[Result "1-0"]
[WhiteElo "2080"]
[BlackElo "2097"]

1. e4 c6 2. d4 d5 3. f3 e6 4. Nc3 Bd6 5. Be3 Ne7 6. Qd2 b6 7. O-O-O Ba6 8. Bxa6
Nxa6 9. a3 O-O 10. g4 c5 11. e5 cxd4 12. Bxd4 Bc5 13. Nge2 Bxd4 14. Nxd4 Rc8 15.
f4 Ng6 16. h4 Nc5 17. h5 Ne7 18. f5 exf5 19. gxf5 Nc6 20. Nxc6 Rxc6 21. f6 Kh8
22. fxg7+ Kxg7 23. Rdg1+ Kh8 24. Qxd5 Qxd5 25. Nxd5 Nd7 26. Rg5 1-0

[Event "AUTO-MASTER-1855"]
[Site "http://www.queenalice.com/game.php?id=1221205"]
[Date "2013.9.30"]
[Round "2"]
[White "jhwickboldt"]
[Black "Ridigroll"]
[Result "1-0"]
[WhiteElo "2019"]
[BlackElo "2106"]

1. Nf3 h6 2. d4 d5 3. Bf4 Bf5 4. e3 e6 5. Bd3 Ne7 6. Bxf5 Nxf5 7. O-O Bd6 8.
Bxd6 Nxd6 9. Nbd2 Nd7 10. Qe2 c5 11. c3 Rc8 12. Rac1 cxd4 13. cxd4 O-O 14. Qd3
Qb6 15. Rc2 Rxc2 16. Qxc2 Rc8 17. Qb1 Rc6 18. Rc1 Qc7 19. Rxc6 Qxc6 20. g3 Nb6
21. Ne5 Qc7 22. b3 Nb5 23. Qf1 Na3 24. Nb1 Nxb1 25. Qxb1 Qc3 26. Kg2 a5 27. Nd3
Nd7 28. Kf1 b5 29. Ke2 Nb6 30. Qc1 Qxc1 31. Nxc1 Kf8 32. Nd3 Ke7 33. Nc5 a4 34.
Kd2 Kd6 35. Kc3 axb3 36. axb3 Kc6 37. Kb4 Nc8 38. Ka5 Nd6 39. g4 g6 40. h3 g5
41. f3 f5 42. Nxe6 1-0

[Event "AUTO-OPEN-3212"]
[Site "http://www.queenalice.com/game.php?id=1265423"]
[Date "2014.3.16"]
[Round "1"]
[White "MSchatz"]
[Black "jhwickboldt"]
[Result "0-1"]
[WhiteElo "2035"]
[BlackElo "2056"]

1. e4 c6 2. Nf3 d5 3. exd5 cxd5 4. d4 Bf5 5. Bf4 Nd7 6. Bd3 Bxd3 7. Qxd3 Qb6 8.
Bc1 e6 9. O-O Ngf6 10. Nc3 Bd6 11. Qb5 O-O 12. Qxb6 Nxb6 13. Nb5 Be7 14. Bf4 a6
15. Nc3 Rac8 16. Ne5 Bb4 17. Bd2 Nc4 18. Nxc4 Rxc4 19. Rac1 Rxd4 20. Be3 Rc4 21.
Ne2 Rfc8 22. c3 Bd6 23. Bd4 Be7 24. Rfd1 Nd7 25. a3 Bf6 26. Bxf6 Nxf6 27. Nd4 g6
28. Nf3 Nd7 29. Rd4 Rxd4 30. Nxd4 e5 31. Nf3 d4 32. g3 dxc3 33. Rxc3 Rxc3 34.
bxc3 f6 35. Nd2 Kf7 36. f3 Ke6 37. Kf2 Nc5 38. Ke3 b5 39. c4 bxc4 40. Nxc4 Kd5
41. Nb6+ Kc6 42. Nc4 Kd5 43. Nb6+ Ke6 44. Nc4 f5 45. h4 Nb7 46. Kd3 Nd6 47. Nxd6
Kxd6 48. Kc4 Kc6 49. a4 a5 50. Kd3 Kc5 51. Kc3 h6 52. g4 fxg4 53. fxg4 Kd5 0-1

[Event "AUTO-OPEN-3212"]
[Site "http://www.queenalice.com/game.php?id=1265424"]
[Date "2014.3.16"]
[Round "1"]
[White "jhwickboldt"]
[Black "MSchatz"]
[Result "1/2-1/2"]
[WhiteElo "2071"]
[BlackElo "2067"]

1. Nf3 Nc6 2. d4 d5 3. Bf4 Nf6 4. e3 a6 5. c4 e6 6. Nbd2 Bd6 7. Bxd6 Qxd6 8. c5
Qe7 9. Bd3 e5 10. dxe5 Nd7 11. O-O Ndxe5 12. Nxe5 Nxe5 13. Nb3 c6 14. Rc1 O-O
15. Be2 Bf5 16. Nd4 Be6 17. b4 Ng6 18. Bd3 Rae8 19. Qc2 Qf6 20. Rfe1 h6 21. Qe2
Ne5 22. Bb1 Bg4 23. Qc2 Ng6 24. h3 Bd7 25. f4 Qh4 26. Nf3 Qg3 27. Ne5 Re7 28.
Nxg6 fxg6 29. Qxg6 Qxg6 30. Bxg6 Bf5 31. Bxf5 Rxf5 32. g3 Re4 33. a3 Kf7 34. Kf2
Rf6 35. Rc3 Rfe6 36. Rd1 Kf6 37. Rd4 Rxd4 38. exd4 Re4 39. Rd3 Kf5 40. Rd1 g6
41. Rd3 h5 42. h4 Kg4 43. Rd1 Kf5 1/2-1/2

[Event "AUTO-OPEN-3212"]
[Site "http://www.queenalice.com/game.php?id=1265443"]
[Date "2014.3.16"]
[Round "1"]
[White "ZKTIE"]
[Black "jhwickboldt"]
[Result "0-1"]
[WhiteElo "1427"]
[BlackElo "2038"]

1. e4 c6 2. e5 e6 3. d4 d6 4. exd6 Bxd6 5. Nf3 Nf6 6. Nc3 O-O 7. Bg5 Nbd7 8. Bd3
h6 9. Bxf6 Nxf6 10. O-O Re8 11. Re1 Nd5 0-1

[Event "AUTO-OPEN-3212"]
[Site "http://www.queenalice.com/game.php?id=1265444"]
[Date "2014.3.16"]
[Round "1"]
[White "jhwickboldt"]
[Black "ZKTIE"]
[Result "1-0"]
[WhiteElo "2040"]
[BlackElo "1425"]

1. d4 d5 2. Bf4 Nc6 3. e3 e6 4. Nf3 Bd6 5. Bxd6 Qxd6 6. Nbd2 Nf6 7. c4 Bd7 8. c5
Qe7 9. Be2 O-O 10. a3 Ne4 11. Nxe4 dxe4 12. Nd2 a6 13. Nxe4 1-0

[Event "AUTO-OPEN-3212"]
[Site "http://www.queenalice.com/game.php?id=1265453"]
[Date "2014.3.16"]
[Round "1"]
[White "jupar"]
[Black "jhwickboldt"]
[Result "0-1"]
[WhiteElo "1994"]
[BlackElo "2042"]

1. d4 d5 2. c4 c6 3. cxd5 cxd5 4. Nc3 Nf6 5. Nf3 e6 6. Bg5 Be7 7. e3 Qb6 8. Bb5+
Bd7 9. Qb3 a6 10. Bxd7+ Nbxd7 11. O-O Qxb3 12. axb3 O-O 13. Rac1 h6 14. Bh4 Rac8
15. Bxf6 Nxf6 16. Ne5 Rc7 17. Na4 Bd6 18. Rxc7 Bxc7 19. Nc5 Ne4 20. b4 Bxe5 21.
dxe5 Nxc5 22. bxc5 Rc8 23. Rc1 a5 24. Kf1 Rc6 25. Ke2 b6 26. Kd3 bxc5 27. Ra1
c4+ 28. Kc3 Ra6 29. b4 axb4+ 0-1

[Event "AUTO-OPEN-3212"]
[Site "http://www.queenalice.com/game.php?id=1265454"]
[Date "2014.3.16"]
[Round "1"]
[White "jhwickboldt"]
[Black "jupar"]
[Result "1-0"]
[WhiteElo "2071"]
[BlackElo "1994"]

1. Nf3 d5 2. d4 Nf6 3. Bf4 e6 4. e3 Bd6 5. Bxd6 cxd6 6. c4 O-O 7. Be2 dxc4 8.
Bxc4 a6 9. O-O d5 10. Be2 Nc6 11. Nbd2 Bd7 12. a3 Rc8 13. Rc1 Qb6 14. Qb3 Qa7
15. Rc3 Na5 16. Qb4 Rxc3 17. Qxc3 Qb6 18. b4 Nc6 19. Nb3 Bc8 20. Rc1 Ne4 21. Qc2
Bd7 22. Bd3 f5 23. Bxe4 fxe4 24. Ng5 h6 25. Nc5 Nb8 26. Nxd7 Nxd7 27. Qc7 Qxc7
28. Rxc7 hxg5 29. Rxd7 Rc8 30. g3 Rc1+ 31. Kg2 b5 32. Rd6 Kf7 33. Rxa6 Ra1 34.
Ra5 Kf6 35. Rxb5 Rxa3 36. Rb8 Kf7 37. b5 g4 38. b6 Rb3 39. h3 gxh3+ 40. Kxh3 Rb2
41. Kg2 g5 42. Kh3 Rxf2 43. b7 Rb2 44. Kg4 Kg7 45. Kxg5 Rb3 46. Kf4 Rb1 47. Ke5
Kf7 48. Kd6 Rb3 49. g4 Rb6+ 50. Kc7 Rb3 51. Ra8 Rc3+ 52. Kd6 Rxe3 53. b8=Q Rd3
54. Ra7+ Kf6 55. Qf8+ Kg5 56. Rg7+ Kh4 57. Qf2+ Kh3 58. Qg1 Kh4 59. Qh1+ Kg3 60.
Rh7 Kxg4 61. Rg7+ Kf4 62. Qg1 Kf3 63. Rf7+ Ke2 64. Qg2+ Ke3 65. Qf2# 1-0

[Event "AUTO-OPEN-3212"]
[Site "http://www.queenalice.com/game.php?id=1292820"]
[Date "2014.7.6"]
[Round "2"]
[White "CCapivara"]
[Black "jhwickboldt"]
[Result "1/2-1/2"]
[WhiteElo "2207"]
[BlackElo "2084"]

1. e4 c6 2. d4 d5 3. exd5 cxd5 4. Nf3 Bg4 5. Bd3 Nf6 6. O-O e6 7. Bg5 Be7 8.
Nbd2 Bxf3 9. Nxf3 O-O 10. c3 Nbd7 11. Re1 h6 12. Bxf6 Nxf6 13. h3 Qb6 14. Qc2
Rac8 15. Ne5 Bd6 16. Qe2 a6 17. g4 Bxe5 18. dxe5 Nd7 19. Rad1 f6 20. exf6 Rxf6
21. Rd2 Rcf8 22. Qe3 Qxe3 23. Rxe3 Nc5 24. Bc2 g6 25. Kg2 Kg7 26. Rde2 1/2-1/2

[Event "AUTO-OPEN-3212"]
[Site "http://www.queenalice.com/game.php?id=1292821"]
[Date "2014.7.6"]
[Round "2"]
[White "jhwickboldt"]
[Black "CCapivara"]
[Result "0-1"]
[WhiteElo "2089"]
[BlackElo "2170"]

1. d4 d5 2. Nf3 Nf6 3. Bg5 Nbd7 4. e3 e6 5. c4 Be7 6. Nc3 O-O 7. cxd5 exd5 8.
Bd3 c6 9. O-O Re8 10. Bc2 Nf8 11. Rc1 Ng6 12. Qd3 Ne4 13. Bxe7 Qxe7 14. Nd2 f5
15. f3 Nxc3 16. Qxc3 Qxe3+ 17. Qxe3 Rxe3 18. Rfe1 Rxe1+ 19. Rxe1 Kf7 20. g3 Bd7
21. Kf2 Re8 22. Re3 Rxe3 23. Kxe3 Kf6 24. h4 f4+ 25. gxf4 Bf5 26. h5 Nh4 27. Bd1
Ng2+ 0-1

[Event "AUTO-OPEN-3212"]
[Site "http://www.queenalice.com/game.php?id=1292824"]
[Date "2014.7.6"]
[Round "2"]
[White "szybkielanie"]
[Black "jhwickboldt"]
[Result "1-0"]
[WhiteElo "2236"]
[BlackElo "2067"]

1. e4 c6 2. f4 d5 3. e5 Bf5 4. Nf3 h6 5. d3 e6 6. c3 Bc5 7. d4 Bb6 8. Bd3 Ne7 9.
O-O O-O 10. h3 Nd7 11. g4 Bxd3 12. Qxd3 c5 13. f5 cxd4 14. cxd4 Nc6 15. fxe6
Ndxe5 16. exf7+ Rxf7 17. Nxe5 Bxd4+ 18. Kg2 Bxe5 19. Rxf7 Kxf7 20. Nc3 Bxc3 21.
Qxc3 d4 22. Qb3+ Kf8 23. Bd2 Qd6 24. Rf1+ 1-0

[Event "AUTO-OPEN-3212"]
[Site "http://www.queenalice.com/game.php?id=1292825"]
[Date "2014.7.6"]
[Round "2"]
[White "jhwickboldt"]
[Black "szybkielanie"]
[Result "0-1"]
[WhiteElo "2076"]
[BlackElo "2246"]

1. d4 d5 2. Bf4 e6 3. Nf3 c5 4. e3 Nc6 5. Bb5 Bd7 6. c3 Qb6 7. Bxc6 bxc6 8. Qc2
cxd4 9. exd4 c5 10. O-O Rc8 11. Nbd2 cxd4 12. Nxd4 Qxd4 13. Be3 Qg4 14. Qb3 a5
15. Nf3 Bd6 16. h3 Qc4 17. Qc2 Nf6 18. Nd2 Qc7 19. Nf3 a4 20. g3 a3 21. Bc1 Ne4
0-1